Atleti e stalloni /

Kaydedildi:
Detaylı Bibliyografya
Yazar: Karm, Robert
Materyal Türü: Kitap
Baskı/Yayın Bilgisi: Roma Editrice Cassia 1986
Seri Bilgileri:I Libri di Gay Italia
Etiketler: Etiketle
Etiket eklenmemiş, İlk siz ekleyin!

MARC

LEADER 00000nam a22000007i 4500
001 CDOM0000004015
003 mi
005 20250828110409.0
008 071017s1977 it |||||| ||||| |||||c
040 |c mi 
100 |a Karm, Robert 
245 1 |a Atleti e stalloni /  |c Robert Karm 
260 |a Roma  |b Editrice Cassia  |c 1986 
300 |a 128 p.  |c ill.  |c 16,3 cm. 
490 |a I Libri di Gay Italia 
500 |a In copertina: Romanzo porno 
942 |2 ddc  |c BK 
952 |0 0  |1 0  |2 ddc  |4 0  |6 B_LNR02KARROATL12  |7 0  |9 7162  |a MI  |b MI  |d 1986-09-01  |i 857  |l 0  |o B-LNR02-KARRO-ATL12  |p CDOM857  |r 2025-07-13 16:28:00  |w 2025-07-13  |x ACQUISTO  |y BK 
999 |c 5858  |d 5858